00396nam a2200169Ia 4500003000400000005001700004008004100021020001500062040000700077041000800084082001900092100002300111245002300134260004000157300001600197365001300213OSt20230328114554.0210423s2004 xx 000 0 und d a8176498688 cAL aeng a547223b SORT aSORELL (Thomas N). aOrganic chemistry. aNew DelhibViva Books Pvt Ltdc2004 axi,1457bPB b450cINR